Literatura y cautiverio (Record no. 181311)

MARC details
000 -LEADER
campo de control de longitud fija 00915nam a2200253 i 4500
001 - NÚMERO DE CONTROL
campo de control 181311
003 - IDENTIFICADOR DE NÚMERO DE CONTROL
campo de control ES-MaACL
005 - FECHA Y HORA DE LA ÚLTIMA TRANSACCIÓN
campo de control 20250928145305.0
008 - DATOS DE LONGITUD FIJA--INFORMACIÓN GENERAL
campo de control de longitud fija 121207s2004 sp | |||| ||spa d
020 ## - NÚMERO INTERNACIONAL ESTÁNDAR DEL LIBRO
Número Internacional Estándar del Libro 84-96025-81-0
080 ## - NÚMERO DE LA CLASIFICACIÓN DECIMAL UNIVERSAL
Número de la Clasificación Decimal Universal 929 Orellana, Pedro de
080 ## - NÚMERO DE LA CLASIFICACIÓN DECIMAL UNIVERSAL
Número de la Clasificación Decimal Universal 272(460.283 C.)"15"
100 1# - ENTRADA PRINCIPAL--NOMBRE DE PERSONA
Nombre de persona Jiménez Monteserín, Miguel.
9 (RLIN) 66566
245 10 - MENCIÓN DEL TÍTULO
Título Literatura y cautiverio
Resto del título : el maestro Fray Pedro de Orellana en la Inquisición de Cuenca /
Mención de responsabilidad, etc. Miguel Jiménez Monteserín.
260 ## - PUBLICACIÓN, DISTRIBUCIÓN, ETC.
Lugar de publicación, distribución, etc. Cuenca :
Nombre del editor, distribuidor, etc. Diputación Provincial de Cuenca,
Fecha de publicación, distribución, etc. [2004]
300 ## - DESCRIPCIÓN FÍSICA
Extensión 278 p. ;
Dimensiones 20 cm.
490 1# - MENCIÓN DE SERIE
Mención de serie Colección Atalaya ;
Designación de volumen o secuencia n. 8
600 17 - PUNTO DE ACCESO ADICIONAL DE MATERIA--NOMBRE DE PERSONA
Nombre de persona Orellana, Pedro de,
Fechas asociadas al nombre 1496-1561
Fuente del encabezamiento o término
9 (RLIN) 151932
650 04 - PUNTO DE ACCESO ADICIONAL DE MATERIA--TÉRMINO DE MATERIA
Término de materia o nombre geográfico como elemento de entrada Inquisición-
Subdivisión geográfica Cuenca.
9 (RLIN) 13797
830 0# - PUNTO DE ACCESO ADICIONAL DE SERIE-TÍTULO UNIFORME
Título uniforme Colección Atalaya ;
Designación de volumen o secuencia n. 8
9 (RLIN) 191431
852 ## - LOCALIZACIÓN
Ubicación ES-MaACL
Número de control de estantería A-12362
itemnumber 188195
Sublocalización o colección R.146796
Ubicación en estantería Depósito 1
Signatura antigua Olim: N-5367
942 ## - ELEMENTOS DE ENTRADA SECUNDARIOS (KOHA)
Fuente del sistema de clasificación o colocación Clasificación decimal universal
Tipo de ítem Koha Libro impreso
Holdings
Estatus retirado Estado de pérdida Fuente del sistema de clasificación o colocación Estado de daño No para préstamo Biblioteca de origen Biblioteca actual Ubicación en estantería Fecha de adquisición Fuente de adquisición Total de préstamos Signatura topográfica completa Código de barras Visto por última vez Precio de reemplazo Tipo de ítem Koha
    Clasificación decimal universal     Biblioteca del Ateneo de Madrid Biblioteca del Ateneo de Madrid Depósito 1 07/12/2012 Donación   A-12362 1190534 23/02/2023 23/02/2023 Libro impreso